| 000 | 00564nam a22001937a 4500 | ||
|---|---|---|---|
| 003 | OSt | ||
| 005 | 20140311163000.0 | ||
| 008 | 130305t xxu||||| |||| 00| 0 eng d | ||
| 020 | _a9718380248 | ||
| 050 |
_aHM 101 _b.D278 2005 |
||
| 082 |
_aFIL 307.1 _b.D278 2005 |
||
| 100 | _aDe Leon, Alwin B. | ||
| 245 |
_aPracticing community development principles in our barangays _cAlwin B. De Leon. |
||
| 260 |
_aQuezon City: _bMegabooks, _c2005. |
||
| 300 |
_a100 p. : _bill. ; _c22 cm. |
||
| 650 | _aCommunity development. | ||
| 942 |
_2lcc _cBK _kLOC |
||
| 999 |
_c39189 _d39189 |
||